1127 1769 1744 1083 1094 1063 1260 1261 1038 1785 1968 1190 1185 1009 1314 1919 1390 1685 1437 1525 1335 1781 1463 1992 1354 1968 1180 1684 1766 1635 1826 1521 1241 1349 1975 1210 1463 1905 1031 1428 1672 1707 1554 1217 1083 1399 1406 1125 1125 1324 1348 1409 1525 1738 1210 1943 1561 1734 1039 1434 1804 1031 1752 1856 1631 1978 1715 1791 1702 1797 1694 1795 1388 1369 1480 1550 1635 1492 1740 1265 1527 1350 1631 1481 1670 1245 1016 1618 1568 1833 1790 1331 1966 1813 1170 1075 1322 1939 1567 BCNSPRNW ULIB Ver.6.0+V

เปลี่ยนเป็นภาษาไทย

Change to English
 แสดงรายละเอียดบรรณานุกรม
  กลับหน้าหลัก

Brief Record : Get Marc (ISO 2709) : E-mail record : QR code < ปิดหน้าต่าง
LEADER : 00000nam 2200000uu 4500
001    13399127396
003     ULIB
008    200519s2018||||th 000 0 tha d
020    ^a9781506258805
020    ^a9781506258829^c1,570 (set)
050 04 ^aPE1128^bL633B
100 1  ^aLougheed, Lin
245 10 ^aBarron s TOEIC :^btest of English for international communication /^cLin Lougheed
246 30 ^aTOEIC : test of English for international communication
250    ^a8th ed.
260    ^aNew York :^bBarron s,^c2018
300    ^ax, 558 p. :^bill ;^c28 cm.
490 0  ^aBarron s the leader in test preparation
490 0  ^aTOEIC superpack
650  0 ^aTest of English for international communication^xStudy guides
650  0 ^aEnglish language^xTextbooks for foreign speakers.
650  0 ^aEnglish language^xExaminations^xStudy guides.
945    ^p444^l0^i007067
999    ^aประนอม เกษจรัล
รายการนี้ยังไม่มีแท็ก
คุณยังไม่ได้ล็อกอิน คุณสามารถมีกิจกรรมร่วมกับเว็บไซต์ได้ แต่ต้องล็อกอินก่อน ::
  ล็อกอิน

รายการสื่อสารสนเทศ

ลำดับที่ ประเภท เลขเรียก/บาร์โค้ด สถานที่ สถานะ
1. การศึกษาทั่วไป
หนังสือสำรอง
สถานะ=หนังสือสำรอง
PE1128 L633B ฉ.1 
  Barcode: 007067
ห้องสมุดวิทยาเขตสวรรค์ประชารักษ์
►หนังสือทั่วไป
บนชั้น

รายการใกล้เคียง
    ผู้แต่ง [Lougheed, Lin]

BibComment


ยังไม่เคยถูกคอมเมนท์

คอมเมนท์ทรัพยากรรายการนี้
  คอมเมนท์: Barron s TOEIC ..


 Copyright 2026. Bcnsprnw @Library